[Event "Vojvodina-chT 2nd League"]
[Site "Novi Sad"]
[Date "2018.11.10"]
[Round "2.1"]
[White "Gajcin, Marina"]
[Black "Lorinc, Sandor"]
[Result "1-0"]
[WhiteElo "2161"]
[BlackElo "2157"]
[PlyCount "53"]
[EventDate "2018.11.09"]
[EventType "team-tourn"]
[EventRounds "11"]
[EventCountry "SRB"]
[SourceTitle "CBM 187 Extra"]
[Source "ChessBase"]
[SourceDate "2018.11.04"]
[SourceVersion "1"]
[SourceVersionDate "2018.11.04"]
[SourceQuality "1"]
[WhiteTeam "Sombor"]
[BlackTeam "Senta"]
[WhiteTeamCountry "SRB"]
[BlackTeamCountry "SRB"]

1. e4 c5 2. Nf3 e6 3. d4 cxd4 4. Nxd4 a6 5. c4 Nf6 6. Nc3 Qc7 7. a3 b6 8. Be2 Nc6 9. Nxc6 dxc6 10. 0-0 Bd6 11. f4 e5 12. f5 Bc5+ 13. Kh1 Bb7 14. Bg5 Rd8 15. Qe1 Bd4 16. Bf3 b5 17. Rc1 Qb6 18. Qe2 Rd6 19. b4 bxc4 20. Qxc4 Nd7 21. Nd5 Qa7 22. Nc7+ Kf8 23. Bh5 g6 24. fxg6 Rd5 25. Rxf7+ Kg8 26. Ne6 hxg6 27. Rg7# 1-0

[Event "Vojvodina-chT"]
[Site "Kac"]
[Date "2014.11.13"]
[Round "9.1"]
[White "Lorinc, Sandor"]
[Black "Besedes, Danilo"]
[Result "0-1"]
[WhiteElo "2168"]
[BlackElo "2113"]
[PlyCount "98"]
[EventDate "2014.11.08"]
[EventType "team-tourn"]
[EventRounds "11"]
[EventCountry "SRB"]
[SourceTitle "EXT 2017"]
[Source "ChessBase"]
[SourceDate "2016.10.25"]
[SourceVersion "1"]
[SourceVersionDate "2016.10.25"]
[SourceQuality "1"]

1. d4 Nf6 2. Nf3 g6 3. Bf4 Bg7 4. e3 d5 5. Be2 0-0 6. h3 c5 7. Nc3 Nc6 8. 0-0 cxd4 9. exd4 Bf5 10. Ne5 Qb6 11. Nxc6 Qxc6 12. Re1 a6 13. Bf3 Rfe8 14. g4 Be6 15. Rc1 Rac8 16. Qd2 Nd7 17. Ne2 b5 18. b3 Nb6 19. Qa5 Ra8 20. Kg2 f6 21. c4 bxc4 22. Nc3 Bf7 23. Na4 Nxa4 24. Rxc4 Qb5 25. Rxa4 e5 26. Bd2 Qb7 27. Rb4 Qd7 28. Rc1 e4 29. Be2 f5 30. Rc7 Qd8 31. Rbb7 Rf8 32. Bb4 f4 33. f3 Qh4 34. Be1 Qf6 35. h4 Qxd4 36. fxe4 Be5 37. Rd7 Qe3 38. Qd2 Qxd2 39. Bxd2 dxe4 40. Bc4 Bxc4 41. bxc4 e3 42. Bc1 f3+ 43. Kf1 e2+ 44. Ke1 Bg3+ 45. Kd2 e1Q+ 46. Kc2 Qe4+ 47. Kb3 Qxb7+ 48. Rxb7 f2 49. Bb2 Rab8 0-1

[Event "Vojvodina-chT"]
[Site "Kac"]
[Date "2014.11.12"]
[Round "7.1"]
[White "Lorinc, Sandor"]
[Black "Krejic, Igor"]
[Result "1/2-1/2"]
[WhiteElo "2168"]
[BlackElo "2213"]
[PlyCount "100"]
[EventDate "2014.11.08"]
[EventType "team-tourn"]
[EventRounds "11"]
[EventCountry "SRB"]
[SourceTitle "EXT 2017"]
[Source "ChessBase"]
[SourceDate "2016.10.25"]
[SourceVersion "1"]
[SourceVersionDate "2016.10.25"]
[SourceQuality "1"]

1. d4 Nf6 2. Bf4 e6 3. e3 Be7 4. h3 0-0 5. Nf3 b6 6. Be2 Bb7 7. 0-0 d5 8. c3 Nbd7 9. Nbd2 Re8 10. a4 a5 11. Re1 Nf8 12. Ne5 Ng6 13. Bb5 Rf8 14. Nc6 Bxc6 15. Bxc6 Rb8 16. Bg3 Bd6 17. f4 h5 18. Qf3 Ne7 19. Bb5 Nf5 20. Bf2 Nh6 21. Bh4 g6 22. e4 dxe4 23. Nxe4 Be7 24. Nxf6+ Bxf6 25. Bg5 Kg7 26. Bxh6+ Kxh6 27. g4 hxg4 28. hxg4 Kg7 29. g5 Be7 30. Kg2 Rh8 31. Rad1 Bd6 32. Rh1 Qe7 33. c4 Rxh1 34. Rxh1 Rh8 35. Rxh8 Kxh8 36. Qa8+ Kg7 37. Kf3 f6 38. c5 bxc5 39. dxc5 Bxc5 40. Qxa5 fxg5 41. Qc3+ Kf7 42. Qh8 gxf4 43. Qh7+ Kf6 44. Qxe7+ Bxe7 45. Kxf4 Bb4 46. Be8 g5+ 47. Ke4 Ke7 48. Bh5 Kd6 49. Be2 Bd2 50. Bg4 Be1 1/2-1/2

[Event "Vojvodina-chT"]
[Site "Kac"]
[Date "2014.11.11"]
[Round "5.1"]
[White "Lorinc, Sandor"]
[Black "Vukovic, Miroslav R"]
[Result "0-1"]
[WhiteElo "2168"]
[BlackElo "2183"]
[PlyCount "108"]
[EventDate "2014.11.08"]
[EventType "team-tourn"]
[EventRounds "11"]
[EventCountry "SRB"]
[SourceTitle "EXT 2017"]
[Source "ChessBase"]
[SourceDate "2016.10.25"]
[SourceVersion "1"]
[SourceVersionDate "2016.10.25"]
[SourceQuality "1"]

1. d4 d5 2. Nf3 Nf6 3. Bf4 e6 4. e3 c5 5. Nc3 c4 6. Be2 Qa5 7. 0-0 Bb4 8. Nb1 0-0 9. c3 Be7 10. Nbd2 Nc6 11. e4 b5 12. Ne5 Qb6 13. Bf3 Bb7 14. Qe2 Rfe8 15. Rfd1 Rad8 16. Nxc6 Bxc6 17. e5 Nd7 18. Nf1 a5 19. Rac1 b4 20. Bd2 Rb8 21. b3 Bb5 22. Qe1 Ba6 23. Ne3 Rec8 24. bxc4 dxc4 25. Bg4 b3 26. Rb1 a4 27. Qe2 f5 28. exf6 Nxf6 29. Bf3 Qd6 30. Be1 g6 31. h4 Kg7 32. d5 e5 33. g3 a3 34. Bg2 Nd7 35. Bh3 bxa2 36. Qxa2 Rxb1 37. Rxb1 Rc7 38. Bd2 Nf6 39. Bg2 Qd7 40. Bc1 Qa4 41. Nc2 Bc5 42. Bxa3 Ng4 43. d6 Rf7 44. Rf1 Nxf2 45. Qb2 Nd3+ 46. Bxc5 Rxf1+ 47. Bxf1 Nxb2 48. Ne3 Bc8 49. Bb4 Nd3 50. Nxc4 Nxb4 51. cxb4 Qxb4 52. Kf2 Be6 53. d7 Bxd7 54. Ne3 Qd2+ 0-1

[Event "HUN-chT2 Toth 1011"]
[Site "Hungary"]
[Date "2010.10.24"]
[Round "4.5"]
[White "Zauer, Gabor"]
[Black "Lorinc, Sandor"]
[Result "0-1"]
[WhiteElo "2052"]
[BlackElo "2153"]
[PlyCount "120"]
[EventDate "2010.09.12"]
[EventType "team-tourn"]
[EventRounds "11"]
[EventCountry "HUN"]
[SourceTitle "EXT 2012"]
[Source "ChessBase"]
[SourceDate "2011.11.24"]
[SourceVersion "1"]
[SourceVersionDate "2011.11.24"]
[SourceQuality "1"]
[WhiteTeam "Szolnok"]
[BlackTeam "Gyula"]
[WhiteTeamCountry "HUN"]
[BlackTeamCountry "HUN"]

1. e4 c5 2. d4 cxd4 3. c3 dxc3 4. Nxc3 e6 5. Nf3 a6 6. Bc4 d6 7. 0-0 Ne7 8. Qe2 Ng6 9. Rd1 Be7 10. e5 Qc7 11. exd6 Bxd6 12. Ne4 Be7 13. Bg5 0-0 14. Rac1 Nc6 15. h4 h6 16. Bxe7 Qxe7 17. g3 Nge5 18. Nxe5 Nxe5 19. Bb3 Nc6 20. Qe3 f5 21. Nc5 Nd8 22. Nd3 Kh7 23. Qf4 Nc6 24. Ne5 Qf6 25. Nxc6 bxc6 26. Rxc6 Qxb2 27. Rc7 e5 28. Qb4 Be6 29. Rc2 Bxb3 30. Rxb2 Bxd1 31. Qe1 Bf3 32. Qc3 e4 33. Rb7 Rg8 34. Qf6 Bg4 35. Qf7 Rad8 36. Rb1 Rd3 37. h5 Rd6 38. Rc1 Rgd8 39. Rc7 Rg8 40. Rc1 Rf6 41. Qe7 Bxh5 42. a4 Rb8 43. a5 Bf3 44. Kf1 Rb5 45. Qd8 f4 46. Ke1 fxg3 47. fxg3 e3 48. Qd3+ Rff5 49. Rc7 Rbd5 50. Qc2 Rd1+ 51. Qxd1 Bxd1 52. Kxd1 Rxa5 53. Ke2 Re5 54. Rc6 a5 55. Ra6 h5 56. Rb6 g6 57. Ra6 Kh6 58. Rb6 Kg5 59. Ra6 Kf5 60. Rb6 g5 0-1

[Event "HUN-chT2 Maroczy 0910"]
[Site "Hungary"]
[Date "2009.12.06"]
[Round "3"]
[White "Istvanovszky, Martin"]
[Black "Lorinc, Sandor"]
[Result "1-0"]
[WhiteElo "2199"]
[BlackElo "2182"]
[PlyCount "69"]
[EventDate "2009.11.08"]
[EventType "team-tourn"]
[EventRounds "11"]
[EventCountry "HUN"]
[SourceTitle "EXT 2011"]
[Source "ChessBase"]
[SourceDate "2010.11.26"]
[SourceVersion "1"]
[SourceVersionDate "2010.11.26"]
[SourceQuality "1"]
[WhiteTeam "Penzugyor II"]
[BlackTeam "Gyula"]
[WhiteTeamCountry "HUN"]
[BlackTeamCountry "HUN"]

1. d4 Nf6 2. Bg5 c5 3. d5 Qb6 4. Nc3 Qxb2 5. Bd2 Qb6 6. e4 e5 7. f4 d6 8. Rb1 Qc7 9. fxe5 dxe5 10. Nf3 a6 11. a4 Bg4 12. h3 Bh5 13. Bc4 Nbd7 14. Qe2 Bxf3 15. Qxf3 Nb6 16. Be2 Nc8 17. Qg3 g6 18. 0-0 Bg7 19. Bg5 Nd7 20. d6 Nxd6 21. Rbd1 Qc6 22. Bg4 h5 23. Rxd6 Qxd6 24. Rd1 Qxd1+ 25. Bxd1 0-0 26. Nd5 Kh7 27. Be7 Rfe8 28. Be2 Rac8 29. Bc4 Rc6 30. Qf3 f6 31. g4 Kh6 32. gxh5 f5 33. exf5 g5 34. f6 Bxf6 35. Qf5 1-0

[Event "HUN-chT2 Maroczy 0809"]
[Site "Hungary"]
[Date "2009.04.05"]
[Round "10"]
[White "Lorinc, Sandor"]
[Black "Toth, Sarolta"]
[Result "0-1"]
[WhiteElo "2173"]
[BlackElo "2154"]
[PlyCount "100"]
[EventDate "2008.10.26"]
[EventType "team-tourn"]
[EventRounds "11"]
[EventCountry "HUN"]
[SourceTitle "EXT 2010"]
[Source "ChessBase"]
[SourceDate "2010.11.25"]
[SourceVersion "1"]
[SourceVersionDate "2010.11.25"]
[SourceQuality "1"]
[WhiteTeam "Gyula"]
[BlackTeam "Oroshaza"]
[WhiteTeamCountry "HUN"]
[BlackTeamCountry "HUN"]

1. d4 d5 2. Nf3 Nf6 3. Bf4 c5 4. e3 Nc6 5. c3 Qb6 6. Qc1 Bf5 7. Be2 e6 8. 0-0 Be7 9. dxc5 Bxc5 10. b4 Be7 11. a4 Rc8 12. a5 Qd8 13. a6 b6 14. Bb5 0-0 15. Bxc6 Rxc6 16. Nd4 Rc8 17. Nxf5 exf5 18. Qb2 Bd6 19. Bxd6 Qxd6 20. Rd1 f4 21. Qd2 fxe3 22. Qxe3 Rfe8 23. Qf3 Qe5 24. h3 Ne4 25. Qd3 Red8 26. Ra3 Qf6 27. f3 Ng3 28. Ra2 Nh5 29. Qd4 Qg5 30. Na3 Nf4 31. Kh2 Re8 32. Nb5 Rc4 33. Qf2 Qe5 34. Qg3 Re6 35. Rd4 Rxd4 36. cxd4 Qb8 37. Rc2 Rg6 38. Rc8+ Qxc8 39. Qxf4 h6 40. Nc7 Qd7 41. Qe5 Rg5 42. Qf4 Qc6 43. g4 Rg6 44. Qe5 Rd6 45. Nb5 Re6 46. Nxa7 Qc2+ 47. Kg3 Rxe5 48. dxe5 Qc7 49. Nb5 Qxe5+ 50. Kg2 Qe2+ 0-1

[Event "HUN-chT2 Maroczy 0809"]
[Site "Hungary"]
[Date "2009.03.08"]
[Round "9"]
[White "Kiss, Gergely"]
[Black "Lorinc, Sandor"]
[Result "1-0"]
[WhiteElo "2251"]
[BlackElo "2173"]
[PlyCount "111"]
[EventDate "2008.10.26"]
[EventType "team-tourn"]
[EventRounds "11"]
[EventCountry "HUN"]
[SourceTitle "EXT 2010"]
[Source "ChessBase"]
[SourceDate "2010.11.25"]
[SourceVersion "1"]
[SourceVersionDate "2010.11.25"]
[SourceQuality "1"]
[WhiteTeam "MLTC II"]
[BlackTeam "Gyula"]
[WhiteTeamCountry "HUN"]
[BlackTeamCountry "HUN"]

1. e4 c5 2. Nc3 e6 3. g3 d5 4. exd5 exd5 5. d4 Nf6 6. Bg5 cxd4 7. Qxd4 Nc6 8. Bxf6 Nxd4 9. Bxd8 Nxc2+ 10. Kd2 Nxa1 11. Bg5 Bb4 12. Bb5+ Kf8 13. Nge2 f6 14. Be3 Nb3+ 15. axb3 a6 16. Bd3 b5 17. Bd4 Kf7 18. Nf4 Bb7 19. h4 Rad8 20. Re1 Rd6 21. g4 g6 22. g5 fxg5 23. Bxh8 gxf4 24. Bd4 Re6 25. Rxe6 Kxe6 26. f3 Be7 27. Bf2 d4 28. Ne2 Ke5 29. Bxd4+ Kd6 30. Nxf4 Bxf3 31. Bf2 g5 32. hxg5 Bxg5 33. Ke3 Bd5 34. Bxh7 Bxb3 35. Bg3 a5 36. Kd3 Kc5 37. Kc3 a4 38. Nd3+ Kb6 39. Be5 Bh4 40. Be4 Bc4 41. Bd4+ Ka5 42. Ne5 Be1+ 43. Kc2 Bb3+ 44. Kc1 b4 45. Nd3 a3 46. bxa3 Bc3 47. Bxc3 bxc3 48. Nc5 Ba4 49. Bd3 Bb5 50. Nb3+ Ka4 51. Bxb5+ Kxb5 52. Kb1 Ka4 53. Ka2 Kb5 54. Nd4+ Kc4 55. Nc2 Kd3 56. Kb3 1-0

[Event "HUN-chT2 Maroczy 0506"]
[Site "Hungary"]
[Date "2006.02.26"]
[Round "8"]
[White "Lorinc, Sandor"]
[Black "Szilagyi, Tibor"]
[Result "1-0"]
[WhiteElo "2181"]
[BlackElo "2135"]
[PlyCount "83"]
[EventDate "2005.10.16"]
[EventType "team"]
[EventRounds "11"]
[EventCountry "HUN"]
[SourceTitle "EXT 2009"]
[Source "ChessBase"]
[SourceDate "2008.11.26"]
[SourceVersion "1"]
[SourceVersionDate "2008.11.26"]
[SourceQuality "1"]
[WhiteTeam "Koszolg"]
[BlackTeam "Teva"]
[WhiteTeamCountry "HUN"]
[BlackTeamCountry "HUN"]

1. d4 Nf6 2. Nf3 g6 3. Bf4 d6 4. Nbd2 Bg7 5. e3 0-0 6. h3 c5 7. Be2 cxd4 8. exd4 b6 9. 0-0 Bb7 10. c3 Nbd7 11. Re1 Qc7 12. Bb5 a6 13. Bf1 Rae8 14. Bh2 h6 15. a4 a5 16. Bb5 Bc6 17. Qb3 Qb7 18. Re2 Nd5 19. Rae1 N7f6 20. Bxc6 Qxc6 21. c4 Nb4 22. Rxe7 Rxe7 23. Rxe7 Re8 24. Rxe8+ Nxe8 25. d5 Qd7 26. Bf4 Kh7 27. Be3 Qd8 28. Ne4 f5 29. Nc3 g5 30. Nd4 f4 31. Ne6 Qb8 32. Bd2 Be5 33. Nb5 Nf6 34. Bxb4 axb4 35. Qxb4 g4 36. hxg4 Nxg4 37. Nbd4 Qg8 38. Nf3 Kh8 39. Qxb6 Qg6 40. Qd8+ Qg8 41. Qxg8+ Kxg8 42. a5 1-0

[Event "HUN-chT2 Maroczy 0506"]
[Site "Hungary"]
[Date "2006.01.22"]
[Round "6"]
[White "Lorinc, Sandor"]
[Black "Nagy, Kalman"]
[Result "0-1"]
[WhiteElo "2181"]
[BlackElo "2158"]
[PlyCount "130"]
[EventDate "2005.10.16"]
[EventType "team"]
[EventRounds "11"]
[EventCountry "HUN"]
[SourceTitle "EXT 2009"]
[Source "ChessBase"]
[SourceDate "2008.11.26"]
[SourceVersion "1"]
[SourceVersionDate "2008.11.26"]
[SourceQuality "1"]
[WhiteTeam "Koszolg"]
[BlackTeam "Miskolc EMSE"]
[WhiteTeamCountry "HUN"]
[BlackTeamCountry "HUN"]

1. d4 g6 2. Nf3 Bg7 3. Bf4 d6 4. Nbd2 Nc6 5. e3 Nf6 6. Be2 Nh5 7. Bg5 Bf6 8. Bxf6 Nxf6 9. c3 e5 10. Qc2 Qe7 11. dxe5 Nxe5 12. 0-0 0-0 13. Rfe1 Bd7 14. Rad1 Bc6 15. Nd4 a6 16. h3 Bd7 17. f4 Nc6 18. e4 Rfe8 19. Bf3 Qf8 20. Nc4 Qh6 21. e5 dxe5 22. fxe5 Nh5 23. Nxc6 Bxc6 24. Bxc6 bxc6 25. Rd7 Qg5 26. Qe4 Nf6 27. Qxc6 Nxd7 28. Qxd7 Qe7 29. Qc6 Qe6 30. Qc5 Red8 31. b3 Rac8 32. Rf1 Rd5 33. Qe3 Qe7 34. Rf6 a5 35. Kh2 Rcd8 36. Qg5 R8d7 37. Qf4 Rd8 38. Ra6 Rd3 39. Rxa5 Rxc3 40. Ne3 Rc5 41. Rxc5 Qxc5 42. Qg5 Re8 43. Ng4 Qe7 44. Qh6 Kh8 45. g3 f5 46. Nf6 Rd8 47. h4 Ra8 48. a4 Ra5 49. h5 Rxe5 50. hxg6 Qg7 51. Qxg7+ Kxg7 52. gxh7 Re6 53. Nd5 c6 54. Nb4 Kxh7 55. a5 c5 56. Nd3 Ra6 57. Nxc5 Rxa5 58. Nb7 Rd5 59. b4 Kg6 60. Nc5 Rd4 61. Na6 Kg5 62. b5 Kg4 63. b6 Rd2+ 64. Kg1 Kxg3 65. Kf1 Rb2 0-1

[Event "HUN-chT2 Toth 0405"]
[Site "Hungary"]
[Date "2004.12.19"]
[Round "5"]
[White "Lorinc, Sandor"]
[Black "Andor, Laszlo"]
[Result "1/2-1/2"]
[WhiteElo "2207"]
[BlackElo "2146"]
[PlyCount "24"]
[EventDate "2004.09.26"]
[EventType "team"]
[EventRounds "11"]
[EventCountry "HUN"]
[SourceTitle "EXT 2009"]
[Source "ChessBase"]
[SourceDate "2008.11.26"]
[SourceVersion "1"]
[SourceVersionDate "2008.11.26"]
[SourceQuality "1"]
[WhiteTeam "Koszolg"]
[BlackTeam "Bekes"]
[WhiteTeamCountry "HUN"]
[BlackTeamCountry "HUN"]

1. d4 Nf6 2. Nf3 g6 3. Bf4 Bg7 4. Nbd2 d5 5. e3 0-0 6. Bd3 Nbd7 7. h3 c5 8. c3 b6 9. Ne5 Bb7 10. Qe2 a6 11. 0-0 b5 12. Bc2 Qb6 1/2-1/2

[Event "HUN-chT2 Toth 0405"]
[Site "Hungary"]
[Date "2004.10.10"]
[Round "2"]
[White "Kakuk, Sandor"]
[Black "Lorinc, Sandor"]
[Result "1-0"]
[WhiteElo "2187"]
[BlackElo "2207"]
[PlyCount "72"]
[EventDate "2004.09.26"]
[EventType "team"]
[EventRounds "11"]
[EventCountry "HUN"]
[SourceTitle "EXT 2009"]
[Source "ChessBase"]
[SourceDate "2008.11.26"]
[SourceVersion "1"]
[SourceVersionDate "2008.11.26"]
[SourceQuality "1"]
[WhiteTeam "Oroshaza"]
[BlackTeam "Koszolg"]
[WhiteTeamCountry "HUN"]
[BlackTeamCountry "HUN"]

1. e4 c5 2. Nf3 e6 3. d4 cxd4 4. Nxd4 a6 5. Bd3 Qc7 6. Be3 Nc6 7. Nc3 Nf6 8. f4 Nxd4 9. Bxd4 Qxf4 10. Rf1 Qh4+ 11. g3 Qg4 12. Qd2 Be7 13. Qf2 d6 14. h3 Qxh3 15. 0-0-0 Bd7 16. Kb1 Qg4 17. e5 dxe5 18. Be2 Qg6 19. Bc5 Rc8 20. Bxe7 Kxe7 21. Bf3 Rc7 22. Qb6 Ne8 23. Bxb7 f5 24. Rf2 e4 25. Rfd2 Qxg3 26. Qb4+ Kf6 27. Rxd7 Rxd7 28. Rxd7 Qe1+ 29. Rd1 Qg3 30. Bxe4 Qe5 31. Bd3 Nc7 32. Qh4+ Kf7 33. Bc4 Rb8 34. Bb3 Kg8 35. a4 f4 36. Re1 Qd4 1-0